Countries most similar to Dominica - Statistics

General Stats
  • This quiz has been taken 9 times
    8 since last reset
  • The average score is 18 of 20
Answer Stats
Rank Country % Correct
6 Antigua and Barbuda
100%
4 Barbados
100%
3 Grenada
100%
7 Jamaica
100%
5 St Kitts and Nevis
100%
1 St Lucia
100%
2 St Vincent
100%
8 Trinidad and Tobago
100%
9 Cuba
86%
11 Dominican Republic
86%
10 Haiti
86%
18 Samoa
86%
17 Solomon Islands
86%
19 Tonga
86%
16 Vanuatu
86%
15 Fiji
71%
14 Maldives
71%
20 Marshall Islands
71%
13 Mauritius
71%
12 Seychelles
71%
No matching quizzes found
Score Distribution
Percent of People with Each Score
Percentile by Number Answered
Your Score History
You have not taken this quiz since the last reset